000 00998cam a2200265 a 4500
001 000004420
005 20200929151435.0
008 730511s1994 sp 000 f spa
020 _a8425326672
040 _aDO-SdBNP
_cDLC
_dDLC
041 1 7 _aspa
_heng
_2Código de idioma MARC
082 _a823.914
_bP698a
100 1 _aPlaidy, Jean,
_d1906-1993.
_qVictoria Holt.
_912984
240 1 0 _aAquí descansa nuestro soberano.
_lEspañol
245 1 0 _aAquí descansa nuestro soberano /
_cJean Plaidy ; traducción de Mireia Carol.
260 _aBarcelona :
_bGrijalbo,
_c1994.
300 _a343 p. ;
_c23 cm.
490 1 _aBestseller Oro.
534 _aTítulo original:
_tHere lies our sovereign Lord.
600 1 4 _aCHARLES,
_bII,
_cREY DE INGLATERRA
_d1630-1685
_xFICCIÓN
_912985
651 4 _aGran Bretaña
_xHistoria
_yCHARLES, 1600 -1685
_xFicción
_912986
651 4 _aGran Bretaña
_xReyes Y Gobernantes
_xFicción
_912987
700 1 _aCaral, Mareia,
_etr.
_912988
830 0 _aBestseller Oro.
_910720
999 _c4229
_d4229